[Event "Hampshire Open"]
[Site "Fareham"]
[Date "2024.11.02"]
[Round "3.15"]
[White "Kirk, Matthew"]
[Black "Spirling, Florence"]
[Result "0-1"]
[WhiteElo "1837"]
[BlackElo "1708"]
[PlyCount "98"]
[EventDate "2024.11.01"]
[EventType "swiss"]
[EventRounds "5"]
[EventCountry "ENG"]
[SourceTitle "BritBase"]
[Source "John Saunders"]
[SourceDate "2025.02.10"]
[SourceVersion "1"]
[SourceVersionDate "2025.02.10"]
[SourceQuality "1"]

1. d4 d5 2. c4 e6 3. Nc3 Nf6 4. cxd5 exd5 5. Bg5 Be7 6. e3 c6 7. Qc2 Nbd7 8. Bd3 h6 9. Bf4 Nb6 10. Nge2 Be6 11. O-O Bd6 12. Rac1 g5 13. Bxd6 Qxd6 14. e4 dxe4 15. Nxe4 Nxe4 16. Bxe4 Rf8 17. Bf5 O-O-O 18. Rfd1 Kb8 19. Nc3 Nd5 20. Nxd5 Bxf5 21. Qxf5 Qxd5 22. Qb1 Rfe8 23. b4 Re4 24. Rc5 Qe6 25. b5 Rdxd4 26. Kf1 Rxd1+ 27. Qxd1 Kc7 28. bxc6 bxc6 29. Qd2 Ra4 30. Ra5 Qc4+ 31. Ke1 Rxa5 32. Qxa5+ Kb7 33. h3 Qe4+ 34. Kf1 Qb1+ 35. Ke2 Qb5+ 36. Qxb5+ cxb5 37. Kd3 Kc6 38. Kd4 a5 39. g4 Kd6 40. Ke4 a4 41. Kd4 a3 42. f3 Kc6 43. Kc3 Kc5 44. Kb3 b4 45. Kc2 Kc4 46. Kb1 Kc3 47. Kc1 b3 48. Kb1 b2 49. f4 Kd4 0-1

[Event "Hampshire Open"]
[Site "Fareham"]
[Date "2024.11.02"]
[Round "3.16"]
[White "Menseitov, Alikhan"]
[Black "Waters, Andrew"]
[Result "1-0"]
[WhiteElo "1712"]
[BlackElo "1872"]
[PlyCount "57"]
[EventDate "2024.11.01"]
[EventType "swiss"]
[EventRounds "5"]
[EventCountry "ENG"]
[SourceTitle "BritBase"]
[Source "John Saunders"]
[SourceDate "2025.02.10"]
[SourceVersion "1"]
[SourceVersionDate "2025.02.10"]
[SourceQuality "1"]

1. d4 f5 2. Nc3 Nf6 3. Bg5 d5 4. e3 e6 5. Nf3 Be7 6. Bd3 O-O 7. O-O Nbd7 8. Ne2 Ne4 9. Bxe7 Qxe7 10. c4 c6 11. Qc2 g5 12. Nd2 Ndf6 13. f3 Nxd2 14. Qxd2 Qg7 15. Kh1 Bd7 16. b4 h5 17. Rg1 g4 18. Rac1 Qh6 19. Nf4 Kh8 20. Qc2 Rg8 21. cxd5 cxd5 22. Qe2 Rac8 23. Bb5 gxf3 24. gxf3 Rxc1 25. Rxc1 h4 26. Bxd7 Nxd7 27. Qb5 h3 28. Qxd7 Qg5 29. Qf7 1-0

[Event "Hampshire Open"]
[Site "Fareham"]
[Date "2024.11.03"]
[Round "4.1"]
[White "Dasgupta, Avyukt"]
[Black "Merriman, John"]
[Result "1/2-1/2"]
[WhiteElo "2191"]
[BlackElo "2318"]
[PlyCount "86"]
[EventDate "2024.11.01"]
[EventType "swiss"]
[EventRounds "5"]
[EventCountry "ENG"]
[SourceTitle "BritBase"]
[Source "John Saunders"]
[SourceDate "2025.02.10"]
[SourceVersion "1"]
[SourceVersionDate "2025.02.10"]
[SourceQuality "1"]

1. e4 e6 2. d4 d5 3. exd5 exd5 4. Nf3 Nc6 5. c3 Bd6 6. Bd3 Nge7 7. O-O Bg4 8. Bg5 Qd7 9. Nbd2 f6 10. Bh4 Nf5 11. Re1+ Nce7 12. Bxf5 Bxf5 13. Bg3 Bxg3 14. hxg3 g5 15. Qb3 b6 16. Re3 Kf7 17. Rae1 Ng6 18. c4 c6 19. cxd5 cxd5 20. Rc1 Rac8 21. Rec3 Ne7 22. Nf1 Rxc3 23. Rxc3 b5 24. Ne3 Bg6 25. Qd1 Rc8 26. Rxc8 Qxc8 27. Nh2 Qc7 28. Nhf1 Kg7 29. Qd2 Qc6 30. a3 Nc8 31. Nd1 Nd6 32. Nc3 Nc4 33. Qc1 h5 34. Ne3 Nb6 35. Qd1 a6 {(=)} 36. Qf3 Bf7 37. Qe2 Qe6 38. Qf3 Nc4 39. Ncxd5 Nxb2 40. Ne7 Nc4 41. d5 Qe5 42. N7f5+ Kh7 43. Qd1 Nxe3 {... x moves (illegible)} 1/2-1/2

[Event "Hampshire Open"]
[Site "Fareham"]
[Date "2024.11.03"]
[Round "4.2"]
[White "Cordner, David A"]
[Black "Marusenko, Petr"]
[Result "1/2-1/2"]
[WhiteElo "1970"]
[BlackElo "2111"]
[PlyCount "122"]
[EventDate "2024.11.01"]
[EventType "swiss"]
[EventRounds "5"]
[EventCountry "ENG"]
[SourceTitle "BritBase"]
[Source "John Saunders"]
[SourceDate "2025.02.10"]
[SourceVersion "1"]
[SourceVersionDate "2025.02.10"]
[SourceQuality "1"]

1. d4 Nf6 2. Nf3 g6 3. g3 Bg7 4. Bg2 O-O 5. O-O d6 6. c4 Nc6 7. Nc3 e5 8. d5 Ne7 9. h3 a5 10. Be3 Nd7 11. Qc1 Nf5 12. Bg5 f6 13. Bd2 Nc5 14. e4 Nd4 15. Nxd4 exd4 16. Nb5 f5 17. Bh6 Qe7 18. Bxg7 Qxg7 19. Qd2 d3 20. exf5 gxf5 21. Qf4 b6 22. Rae1 Ba6 23. Nc3 Rae8 24. Rxe8 Rxe8 25. Qxf5 Bxc4 26. Rd1 Kh8 27. Qg4 Qxg4 28. hxg4 a4 29. f4 b5 30. a3 Bb3 31. Rd2 Bc2 32. Bf3 Nb3 33. Rf2 Re3 34. Bd1 Bxd1 35. Nxd1 Rxg3+ 36. Rg2 Rf3 37. Rf2 Rg3+ 38. Rg2 Rxg2+ 39. Kxg2 Na5 40. Kf3 Nc4 41. Ke4 d2 42. Kd3 Kg7 43. Kc2 Kf6 44. Nc3 Ne3+ 45. Kxd2 Nxg4 46. Nxb5 h5 47. Ke2 h4 48. Kf3 h3 49. Nc3 h2 50. Ne4+ Ke7 51. Kg2 Ne3+ 52. Kxh2 Nxd5 53. Kg3 Nb6 54. Nc3 d5 55. Kf3 Kd6 56. Ke2 c5 57. Kd3 Ke6 58. Nb5 Nc4 59. Kc3 Kf5 60. Nc7 Ke4 61. Ne6 Nb6 1/2-1/2

[Event "Hampshire Open"]
[Site "Fareham"]
[Date "2024.11.03"]
[Round "4.3"]
[White "Merriman, James"]
[Black "Wicken, Jack"]
[Result "1/2-1/2"]
[WhiteElo "2173"]
[BlackElo "1878"]
[PlyCount "104"]
[EventDate "2024.11.01"]
[EventType "swiss"]
[EventRounds "5"]
[EventCountry "ENG"]
[SourceTitle "BritBase"]
[Source "John Saunders"]
[SourceDate "2025.02.10"]
[SourceVersion "1"]
[SourceVersionDate "2025.02.10"]
[SourceQuality "1"]

1. d4 f5 2. g3 Nf6 3. Bg2 e6 4. Nh3 Be7 5. O-O d5 6. Nd2 O-O 7. b3 a5 8. a4 c6 9. Nf4 g5 10. Nd3 Nbd7 11. Nf3 Ne4 12. Ba3 Bxa3 13. Rxa3 Qe7 14. Ra1 Kh8 15. Nfe5 Nd6 16. c4 Nf7 17. Nxf7+ Rxf7 18. Qd2 Rg7 19. f4 g4 20. Rac1 h5 21. e3 h4 22. Rc2 Rh7 23. Ne5 Nxe5 24. dxe5 Bd7 25. Rfc1 h3 26. Bf1 Qb4 27. Qxb4 axb4 28. cxd5 exd5 29. Rd2 Be6 30. Rd4 Ra5 31. Rxb4 Rd7 32. Kf2 Kg7 33. Ke2 Kf8 34. Kd3 Rc7 35. Rb6 Ke7 36. Kc3 Rc5+ 37. Kb2 Ra5 38. Ka3 c5 39. Bb5 Ra8 40. Kb2 Rac8 41. Rd6 Ra8 42. b4 c4 43. Kc3 Bd7 44. Rxd5 Bxb5 45. axb5 Ra3+ 46. Kd2 Rb3 47. b6 c3+ 48. Kd3 c2+ 49. Kd2 Rc6 50. Rxc2 Rxb4 51. Rxc6 bxc6 52. Rd6 Rxb6 {... x moves (illegible)} 1/2-1/2

[Event "Hampshire Open"]
[Site "Fareham"]
[Date "2024.11.03"]
[Round "4.4"]
[White "Thurlow, Kevin J"]
[Black "Collyer, David"]
[Result "0-1"]
[WhiteElo "2023"]
[BlackElo "1904"]
[PlyCount "50"]
[EventDate "2024.11.01"]
[EventType "swiss"]
[EventRounds "5"]
[EventCountry "ENG"]
[SourceTitle "BritBase"]
[Source "John Saunders"]
[SourceDate "2025.02.10"]
[SourceVersion "1"]
[SourceVersionDate "2025.02.10"]
[SourceQuality "1"]

1. c4 Nf6 2. Nc3 g6 3. d4 Bg7 4. e4 d6 5. f3 O-O 6. Be3 c5 7. d5 e6 8. Qd2 exd5 9. cxd5 a6 10. a4 Re8 11. h4 h5 12. Nh3 Nbd7 13. Be2 Ne5 14. a5 b5 15. axb6 Qxb6 16. Kf2 Bd7 17. b4 Qxb4 18. Rhb1 Neg4+ 19. fxg4 Qxc3 20. Ng5 Qxd2 21. Bxd2 Nxe4+ 22. Nxe4 Bxa1 23. Nxd6 Bd4+ 24. Kf1 Reb8 25. Rd1 Bxg4 0-1

[Event "Hampshire Open"]
[Site "Fareham"]
[Date "2024.11.03"]
[Round "4.5"]
[White "Pentakota, Rajasekhar"]
[Black "Mokhber Garcia, Sebastian"]
[Result "0-1"]
[WhiteElo "1989"]
[BlackElo "1724"]
[PlyCount "104"]
[EventDate "2024.11.01"]
[EventType "swiss"]
[EventRounds "5"]
[EventCountry "ENG"]
[SourceTitle "BritBase"]
[Source "John Saunders"]
[SourceDate "2025.02.10"]
[SourceVersion "1"]
[SourceVersionDate "2025.02.10"]
[SourceQuality "1"]

1. e4 e5 2. Nf3 Nc6 3. Bc4 Nf6 4. d3 Be7 5. c3 d5 6. exd5 Nxd5 7. O-O O-O 8. Re1 Bf6 9. Nbd2 g6 10. Ne4 Bg7 11. Bd2 Nb6 12. Bg5 Ne7 13. Nf6+ Kh8 14. Nxe5 Nxc4 15. Nxc4 Be6 16. Ne3 h6 17. Bh4 Ng8 18. Nh7 Qxh4 19. Nxf8 Rxf8 20. Qf3 c6 21. d4 Ne7 22. a3 Nd5 23. Qg3 Qxg3 24. hxg3 Nxe3 25. Rxe3 Bf6 26. Rae1 Kg7 27. f3 Rc8 28. b4 b6 29. Rd1 c5 30. d5 Rd8 31. d6 c4 32. Kf1 Bf5 33. Rd5 Bd3+ 34. Kf2 Kf8 35. g4 Rd7 36. f4 Bxc3 37. Kf3 Bb2 38. Rexd3 cxd3 39. Rxd3 f5 40. gxf5 gxf5 41. a4 Kf7 42. g4 Ke6 43. gxf5+ Kxf5 44. a5 Ke6 45. axb6 axb6 46. Kg4 Rxd6 47. f5+ Ke5 48. Rxd6 Kxd6 49. Kh5 Kd5 50. Kxh6 Kc4 51. Kg6 Kxb4 52. f6 Bxf6 0-1

[Event "Hampshire Open"]
[Site "Fareham"]
[Date "2024.11.03"]
[Round "4.6"]
[White "Cave, Iwan"]
[Black "Anderson, Thomas R"]
[Result "1-0"]
[WhiteElo "2242"]
[BlackElo "1868"]
[PlyCount "121"]
[EventDate "2024.11.01"]
[EventType "swiss"]
[EventRounds "5"]
[EventCountry "ENG"]
[SourceTitle "BritBase"]
[Source "John Saunders"]
[SourceDate "2025.02.10"]
[SourceVersion "1"]
[SourceVersionDate "2025.02.10"]
[SourceQuality "1"]

1. Nf3 d6 2. d4 Nf6 3. Nc3 Nbd7 4. e4 e5 5. Bc4 Be7 6. a4 a5 7. O-O O-O 8. Qe2 c6 9. Rd1 Qc7 10. h3 h6 11. Ba2 Re8 12. Be3 Nf8 13. Qc4 Bd8 14. d5 Ra6 15. Qd3 Be7 16. Nd2 Ng6 17. Qc4 Nh8 18. Nf3 Nd7 19. Rac1 Nf8 20. Qd3 Ra8 21. Ne2 cxd5 22. Bxd5 Ne6 23. Ng3 Ng6 24. Qb3 Rf8 25. Bb6 Qb8 26. Nf5 Nef4 27. Qe3 Nxd5 28. Rxd5 Bxf5 29. exf5 Nf4 30. Rxa5 Rxa5 31. Bxa5 Qc8 32. Qe4 Qc6 33. Qxc6 bxc6 34. Ra1 c5 35. Bd2 Nd5 36. Rd1 Rb8 37. b3 Nb4 38. Bxb4 cxb4 39. Nd2 d5 40. Nf1 d4 41. Nd2 f6 42. Nc4 Bc5 43. Kf1 Kf7 44. Ke2 Re8 45. f3 e4 46. fxe4 Rxe4+ 47. Kf3 Re8 48. a5 Re7 49. a6 Ke8 50. Rd2 Kd7 51. Re2 Rxe2 52. Kxe2 Kc6 53. Kd3 Kb5 54. Nd2 Kxa6 55. Kc4 Kb6 56. Nf3 Be7 57. Nxd4 Kc7 58. Kd5 Kd7 59. Ne6 Ke8 60. Nxg7+ Kf7 61. Ne6 1-0

[Event "Hampshire Open"]
[Site "Fareham"]
[Date "2024.11.03"]
[Round "4.7"]
[White "Piecha, Lukasz Marek"]
[Black "Patel, Zain"]
[Result "0-1"]
[WhiteElo "1798"]
[BlackElo "2194"]
[PlyCount "88"]
[EventDate "2024.11.01"]
[EventType "swiss"]
[EventRounds "5"]
[EventCountry "ENG"]
[SourceTitle "BritBase"]
[Source "John Saunders"]
[SourceDate "2025.02.10"]
[SourceVersion "1"]
[SourceVersionDate "2025.02.10"]
[SourceQuality "1"]

1. e4 e5 2. Nf3 Nc6 3. Bc4 Nf6 4. Ng5 d5 5. exd5 Na5 6. Bb5+ c6 7. dxc6 bxc6 8. Qf3 Be7 9. Bxc6+ Nxc6 10. Qxc6+ Bd7 11. Qf3 O-O 12. O-O Ng4 13. h3 Nh6 14. Ne4 f5 15. Ng3 Be6 16. d3 f4 17. Ne4 Nf5 18. Qd1 Nh4 19. f3 Qe8 20. Qe2 Qg6 21. Kh1 Rf5 22. Rf2 Rh5 23. Nbd2 Rf8 24. Nf1 Bd8 25. Nh2 Bb6 26. Rf1 Nxg2 27. Qxg2 Qxg2+ 28. Kxg2 Bxh3+ 29. Kh1 Bxf1 30. Bd2 Bh3 31. c4 Bd4 32. Bc3 Be3 33. Bd2 Bxd2 34. Nxd2 Rd8 35. Rg1 Rxd3 36. Ne4 Kf8 37. Nf2 Rd2 38. Nxh3 Rxh3 39. Rg2 Rd1+ 40. Rg1 Rd3 41. Kg2 Rg3+ 42. Kh1 Rd2 43. Rxg3 fxg3 44. Nf1 g2+ 0-1

[Event "Hampshire Open"]
[Site "Fareham"]
[Date "2024.11.03"]
[Round "4.8"]
[White "Clancy, Martin J"]
[Black "Bharat Kumar, Balahari"]
[Result "0-1"]
[WhiteElo "1844"]
[BlackElo "2159"]
[PlyCount "92"]
[EventDate "2024.11.01"]
[EventType "swiss"]
[EventRounds "5"]
[EventCountry "ENG"]
[SourceTitle "BritBase"]
[Source "John Saunders"]
[SourceDate "2025.02.10"]
[SourceVersion "1"]
[SourceVersionDate "2025.02.10"]
[SourceQuality "1"]

1. e4 g6 2. d4 Bg7 3. Nf3 d6 4. Nc3 a6 5. Be3 b5 6. a3 Bb7 7. Qd2 Nd7 8. h4 h5 9. O-O-O e6 10. Kb1 Ngf6 11. Bg5 Bxe4 12. Nxe4 Nxe4 13. Qf4 Nxg5 14. hxg5 Nb6 15. Bd3 Qd7 16. g4 hxg4 17. Rxh8+ Bxh8 18. Nh2 e5 19. Qxg4 Qxg4 20. Nxg4 exd4 21. f4 O-O-O 22. Nh6 Rf8 23. Rf1 Kd8 24. f5 gxf5 25. Nxf5 Be5 26. Nh6 Ke7 27. Bh7 Nd5 28. Ng8+ Ke8 29. g6 Ne7 30. gxf7+ Rxf7 31. Rxf7 Kxf7 32. Nxe7 Kxe7 33. Be4 Kd7 34. Ka2 c6 35. Bf5+ Kc7 36. b4 Kb6 37. Kb3 c5 38. Bc8 Bf4 39. Kb2 Bd2 40. Bf5 c4 41. Bg6 a5 42. bxa5+ Kxa5 43. Bf7 Ka4 44. Bg6 Ba5 45. Bf5 Bb6 46. Bg6 Bc5 0-1

[Event "Hampshire Open"]
[Site "Fareham"]
[Date "2024.11.03"]
[Round "4.9"]
[White "Spirling, Florence"]
[Black "Bird, Tom"]
[Result "1-0"]
[WhiteElo "1708"]
[BlackElo "2045"]
[PlyCount "59"]
[EventDate "2024.11.01"]
[EventType "swiss"]
[EventRounds "5"]
[EventCountry "ENG"]
[SourceTitle "BritBase"]
[Source "John Saunders"]
[SourceDate "2025.02.10"]
[SourceVersion "1"]
[SourceVersionDate "2025.02.10"]
[SourceQuality "1"]

1. e4 e6 2. d4 d5 3. exd5 exd5 4. Bd3 Nc6 5. Ne2 Nb4 6. O-O Nxd3 7. Qxd3 Be7 8. Bf4 Nf6 9. Nd2 O-O 10. Ng3 Re8 11. Rae1 a5 12. Re2 b6 13. b3 Ba6 14. c4 dxc4 15. bxc4 Nd5 16. Be3 Nb4 17. Qb3 a4 18. Qb1 Nc6 19. d5 Ne5 20. Rc1 Ba3 21. Rc3 Bf8 22. Bd4 Qg5 23. Qe1 Bd6 24. Nge4 Qf4 25. g3 Qg4 26. f3 Qh5 27. Nxd6 cxd6 28. f4 Nf3+ 29. Nxf3 Rxe2 30. Qxe2 1-0

[Event "Hampshire Open"]
[Site "Fareham"]
[Date "2024.11.03"]
[Round "4.10"]
[White "Goodlad, Daniel"]
[Black "Watarkar, Yash"]
[Result "0-1"]
[WhiteElo "1789"]
[BlackElo "1972"]
[PlyCount "122"]
[EventDate "2024.11.01"]
[EventType "swiss"]
[EventRounds "5"]
[EventCountry "ENG"]
[SourceTitle "BritBase"]
[Source "John Saunders"]
[SourceDate "2025.02.10"]
[SourceVersion "1"]
[SourceVersionDate "2025.02.10"]
[SourceQuality "1"]

1. e4 c6 2. Nc3 d5 3. Nf3 dxe4 4. Nxe4 Nf6 5. Qe2 e6 6. d4 Nbd7 7. g3 Nxe4 8. Qxe4 Nf6 9. Qe2 Be7 10. Bg2 O-O 11. O-O Bd7 12. c3 Qb6 13. a4 a5 14. Ne5 Rfd8 15. Re1 {(=)} Be8 16. Ng4 Nd5 17. Ne3 Bf6 18. Nxd5 cxd5 19. Bf4 Rdc8 20. h4 h6 21. Qg4 Kh8 22. Qf3 Qd8 23. Bf1 Kg8 24. Bd3 Kf8 25. Be5 Bxe5 26. Rxe5 Qf6 27. Qg4 Bd7 28. Rae1 Kg8 29. R1e3 Rf8 30. Rf3 Qe7 31. Qh5 Be8 32. Qg4 Bd7 33. Qh5 Be8 34. Qg4 Rd8 35. Re1 Rd6 36. Bc2 Qd8 37. Qf4 Bc6 38. Qe3 Qd7 39. Qd3 f5 40. Rfe3 Rf6 41. Re5 Bxa4 42. Bxa4 Qxa4 43. Qe2 Qd7 44. Ra1 a4 45. Qc2 Ra6 46. Ra3 Qb5 47. Re1 f4 48. Kg2 fxg3 49. fxg3 Ra8 50. Re2 Qe8 51. b3 Qh5 52. Rxa4 Qf3+ 53. Kh2 Raf8 54. Ra2 g5 55. Rg2 Qh5 56. Ra7 gxh4 57. gxh4+ Kh8 58. Kh3 Rf3+ 59. Rg3 Rxg3+ 60. Kxg3 Rf3+ 61. Kg2 Qg4+ 0-1

[Event "Hampshire Open"]
[Site "Fareham"]
[Date "2024.11.03"]
[Round "4.11"]
[White "Marsh, Roger DW"]
[Black "Cuthbert, Larissa"]
[Result "1-0"]
[WhiteElo "1920"]
[BlackElo "1632"]
[PlyCount "65"]
[EventDate "2024.11.01"]
[EventType "swiss"]
[EventRounds "5"]
[EventCountry "ENG"]
[SourceTitle "BritBase"]
[Source "John Saunders"]
[SourceDate "2025.02.10"]
[SourceVersion "1"]
[SourceVersionDate "2025.02.10"]
[SourceQuality "1"]

1. d4 Nf6 2. c4 e6 3. Nc3 d5 4. cxd5 exd5 5. Bg5 Be7 6. e3 Bf5 7. Qb3 Be6 8. Qxb7 Nbd7 9. Bxf6 Bxf6 10. Bb5 O-O 11. Nf3 Nb6 12. Qa6 Bg4 13. O-O Bxf3 14. gxf3 Qd6 15. Qa3 Qe6 16. Qb3 h5 17. Qd1 Be7 18. Kh1 Bd6 19. Rg1 a6 20. Bd3 h4 21. f4 Nd7 22. Qg4 Qxg4 23. Rxg4 Be7 24. Rag1 Nf6 25. Rxg7+ Kh8 26. Nxd5 Ne4 27. Bxe4 f5 28. Nxe7 fxe4 29. R7g4 Rf7 30. Rxh4+ Rh7 31. Ng6+ Kg7 32. Ne5+ Kh8 33. Nf7# 1-0

[Event "Hampshire Open"]
[Site "Fareham"]
[Date "2024.11.03"]
[Round "4.12"]
[White "Hordnes, Niclas"]
[Black "Warner, Nicholas"]
[Result "0-1"]
[WhiteElo "1859"]
[BlackElo "1615"]
[PlyCount "52"]
[EventDate "2024.11.01"]
[EventType "swiss"]
[EventRounds "5"]
[EventCountry "ENG"]
[SourceTitle "BritBase"]
[Source "John Saunders"]
[SourceDate "2025.02.10"]
[SourceVersion "1"]
[SourceVersionDate "2025.02.10"]
[SourceQuality "1"]

1. e4 c6 2. d4 d5 3. e5 Bf5 4. h4 h6 5. g4 Be4 6. f3 Bh7 7. e6 Qd6 8. exf7+ Kxf7 9. f4 g5 10. hxg5 hxg5 11. Nf3 Bxc2 12. Qxc2 Rxh1 13. Nxg5+ Ke8 14. Qf5 Nf6 15. Qc8+ Qd8 16. Qe6 Na6 17. Nd2 Nb4 18. Ndf3 Qc8 19. Qf7+ Kd7 20. Ne5+ Kc7 21. Ne6+ Kb6 22. g5 Ne4 23. Nxf8 Rxf1+ 24. Kxf1 Qh3+ 25. Ke1 Qg3+ 26. Kd1 Qg1+ 0-1

[Event "Hampshire Open"]
[Site "Fareham"]
[Date "2024.11.03"]
[Round "4.13"]
[White "Moore, John"]
[Black "Tarrent-Edwards, Philip"]
[Result "1/2-1/2"]
[WhiteElo "1605"]
[BlackElo "1746"]
[PlyCount "69"]
[EventDate "2024.11.01"]
[EventType "swiss"]
[EventRounds "5"]
[EventCountry "ENG"]
[SourceTitle "BritBase"]
[Source "John Saunders"]
[SourceDate "2025.02.10"]
[SourceVersion "1"]
[SourceVersionDate "2025.02.10"]
[SourceQuality "1"]

1. e4 c5 2. Nf3 d6 3. d4 cxd4 4. Nxd4 Nf6 5. Nc3 Nc6 6. Nxc6 bxc6 7. Bd3 e5 8. h3 Be6 9. O-O Be7 10. Qe2 O-O 11. Bc4 Qc7 12. Bxe6 fxe6 13. Re1 Rab8 14. Rb1 Nd7 15. Qg4 Rf6 16. Be3 Rg6 17. Qe2 d5 18. exd5 exd5 19. a3 d4 20. Qc4+ Kh8 21. Nd5 Qd6 22. Nxe7 Qxe7 23. Bf4 Qh4 24. Bg3 Qg5 25. Re4 Qf5 26. Qe2 Rf8 27. Bxe5 Nxe5 28. Rxe5 Qxh3 29. f3 h6 30. Re8 Rxe8 31. Qxe8+ Kh7 32. Qe2 h5 33. Re1 c5 34. c3 dxc3 35. bxc3 1/2-1/2

[Event "Hampshire Open"]
[Site "Fareham"]
[Date "2024.11.03"]
[Round "4.15"]
[White "De Coverly, Roger D"]
[Black "Kirk, Matthew"]
[Result "1/2-1/2"]
[WhiteElo "1972"]
[BlackElo "1837"]
[PlyCount "97"]
[EventDate "2024.11.01"]
[EventType "swiss"]
[EventRounds "5"]
[EventCountry "ENG"]
[SourceTitle "BritBase"]
[Source "John Saunders"]
[SourceDate "2025.02.10"]
[SourceVersion "1"]
[SourceVersionDate "2025.02.10"]
[SourceQuality "1"]

1. e4 c6 2. d4 d5 3. e5 c5 4. Nf3 Nc6 5. c3 Bg4 6. dxc5 e6 7. b4 Bxf3 8. Qxf3 Nxe5 9. Bb5+ Nc6 10. Nd2 Qf6 11. O-O g6 12. Qxf6 Nxf6 13. Nb3 Bg7 14. Na5 O-O 15. Nxb7 Ne7 16. Bb2 Ne4 17. Rac1 Rab8 18. Ba6 Nc6 19. Rc2 Ne5 20. f3 Nf6 21. a4 Ne8 22. Na5 Nc7 23. Be2 Nd7 24. Ba3 a6 25. c6 Nb6 26. b5 Rfc8 27. Bc5 Nxa4 28. Ba7 Rxb5 29. Bxb5 Nxb5 30. Bf2 Bxc3 31. Be1 Bxe1 32. Rxe1 Nac3 33. Kf2 d4 34. Rec1 e5 35. g4 Na7 36. Rxc3 dxc3 37. Rxc3 g5 38. Ke3 f6 39. Ke4 Nb5 40. Rc5 Kf7 41. Kd5 Rd8+ 42. Ke4 Rd4+ 43. Ke3 Nc7 44. Rc1 Ke6 45. Nb3 Rb4 46. Nc5+ Kd6 47. Ne4+ Ke6 48. Nc5+ Kd6 49. Ne4+ 1/2-1/2

[Event "Hampshire Open"]
[Site "Fareham"]
[Date "2024.11.03"]
[Round "5.1"]
[White "Merriman, John"]
[Black "Marusenko, Petr"]
[Result "0-1"]
[WhiteElo "2325"]
[BlackElo "2111"]
[PlyCount "82"]
[EventDate "2024.11.01"]
[EventType "swiss"]
[EventRounds "5"]
[EventCountry "ENG"]
[SourceTitle "BritBase"]
[Source "John Saunders"]
[SourceDate "2025.02.10"]
[SourceVersion "1"]
[SourceVersionDate "2025.02.10"]
[SourceQuality "1"]

1. d4 Nf6 2. c4 g6 3. f3 Bg7 4. e4 O-O 5. Nc3 d6 6. Bg5 b6 7. Qd2 c5 8. d5 Nbd7 9. Nh3 a6 10. a4 Ne5 11. Nf2 Bd7 12. Be2 b5 13. cxb5 axb5 14. Nxb5 c4 15. Nc3 Qa5 16. O-O Rfc8 17. Ra3 Qb4 18. Kh1 Rcb8 19. Ra2 Bc8 20. Be3 Ned7 21. f4 Nc5 22. Qc2 Nfd7 23. Nfd1 Nb6 24. Bd2 Qb3 25. Qc1 Nbxa4 26. Ra3 Nxc3 27. Bxc3 Rxa3 28. bxa3 Ba6 29. Bxg7 Kxg7 30. e5 Ne4 31. exd6 Nxd6 32. Re1 Nf5 33. Bg4 Qd3 34. Qa1+ Kh6 35. Nf2 Qxd5 36. Rd1 Qc5 37. Ne4 Qb6 38. Qc3 Qe3 39. Qa5 Qxe4 40. Qxa6 Ne3 41. Bf3 Rb1 0-1

[Event "Hampshire Open"]
[Site "Fareham"]
[Date "2024.11.03"]
[Round "5.2"]
[White "Wicken, Jack"]
[Black "Dasgupta, Avyukt"]
[Result "1/2-1/2"]
[WhiteElo "1878"]
[BlackElo "2191"]
[PlyCount "55"]
[EventDate "2024.11.01"]
[EventType "swiss"]
[EventRounds "5"]
[EventCountry "ENG"]
[SourceTitle "BritBase"]
[Source "John Saunders"]
[SourceDate "2025.02.10"]
[SourceVersion "1"]
[SourceVersionDate "2025.02.10"]
[SourceQuality "1"]

1. e4 e6 2. d4 d5 3. Nc3 dxe4 4. Nxe4 Bd7 5. Nf3 Bc6 6. Bd3 Nd7 7. O-O Ngf6 8. Qe2 Nxe4 9. Bxe4 Bxe4 10. Qxe4 c6 11. Bg5 Be7 12. Bxe7 Qxe7 13. c3 O-O 14. Rfe1 Qf6 15. Ne5 Rfd8 16. Re3 Nxe5 17. Qxe5 Qxe5 18. Rxe5 g6 19. g3 Kg7 20. Kg2 Rd7 21. h4 b6 22. h5 Rad8 23. hxg6 hxg6 24. Rae1 Rd5 25. f3 Rxe5 26. Rxe5 c5 27. Re4 cxd4 28. Rxd4 1/2-1/2

[Event "Hampshire Open"]
[Site "Fareham"]
[Date "2024.11.03"]
[Round "5.3"]
[White "Collyer, David"]
[Black "Cordner, David A"]
[Result "1/2-1/2"]
[WhiteElo "1904"]
[BlackElo "1967"]
[PlyCount "38"]
[EventDate "2024.11.01"]
[EventType "swiss"]
[EventRounds "5"]
[EventCountry "ENG"]
[SourceTitle "BritBase"]
[Source "John Saunders"]
[SourceDate "2025.02.10"]
[SourceVersion "1"]
[SourceVersionDate "2025.02.10"]
[SourceQuality "1"]

1. e4 c6 2. d4 d5 3. Nc3 dxe4 4. Nxe4 Nf6 5. Nxf6+ exf6 6. c3 Bf5 7. Bd3 Bxd3 8. Qxd3 Bd6 9. Ne2 O-O 10. O-O Qc7 11. Ng3 g6 12. Bh6 Re8 13. Ne4 Nd7 14. Nxd6 Qxd6 15. Qf3 f5 16. Rfe1 Re6 17. Rxe6 Qxe6 18. Qe3 Re8 19. Re1 Nf6 1/2-1/2

[Event "Hampshire Open"]
[Site "Fareham"]
[Date "2024.11.03"]
[Round "5.4"]
[White "Mokhber Garcia, Sebastian"]
[Black "Marsh, Roger DW"]
[Result "1/2-1/2"]
[WhiteElo "1724"]
[BlackElo "1920"]
[PlyCount "65"]
[EventDate "2024.11.01"]
[EventType "swiss"]
[EventRounds "5"]
[EventCountry "ENG"]
[SourceTitle "BritBase"]
[Source "John Saunders"]
[SourceDate "2025.02.10"]
[SourceVersion "1"]
[SourceVersionDate "2025.02.10"]
[SourceQuality "1"]

1. e4 g6 2. d4 Bg7 3. Nf3 c6 4. h4 h5 5. e5 d5 6. c4 Bg4 7. Qb3 Qb6 8. cxd5 Qxb3 9. axb3 Bxf3 10. gxf3 cxd5 11. Nc3 Nc6 12. Ra4 O-O-O 13. Bh3+ Kb8 14. Bf4 Bh6 15. Bg3 e6 16. Nb5 Bf8 17. Kd2 Bb4+ 18. Kd3 Nge7 19. Nxa7 Nxa7 20. Rxb4 Nec6 21. Ra4 Nc8 22. Bf4 Nb6 23. Raa1 Kc7 24. Bd2 Ra8 25. Ra3 Ra7 26. Rha1 Rha8 27. Bf1 Nc8 28. b4 b5 29. Kc3 Kb6 30. Kd3 N8e7 31. Bh3 Nb8 32. Bg5 Nec6 33. Bd2 1/2-1/2